Kabale University Library Catalogue

Swahili syntax / (Record no. 5879)

MARC details
000 -LEADER
fixed length control field 00787nam a2200265 a 4500
001 - CONTROL NUMBER
control field 4702182
003 - CONTROL NUMBER IDENTIFIER
control field OSt
005 - DATE AND TIME OF LATEST TRANSACTION
control field 20260129095131.0
008 - FIXED-LENGTH DATA ELEMENTS--GENERAL INFORMATION
fixed length control field 821012s1981 ne a b 001 0 eng
020 ## - INTERNATIONAL STANDARD BOOK NUMBER
International Standard Book Number 9070176254
Qualifying information pbk.
020 ## - INTERNATIONAL STANDARD BOOK NUMBER
International Standard Book Number 9070176386
Qualifying information hard
035 ## - SYSTEM CONTROL NUMBER
System control number 4702182
040 ## - CATALOGING SOURCE
Original cataloging agency KABLIB
Transcribing agency KABLIB
Language of cataloging eng
041 0# - LANGUAGE CODE
Language code of text/sound track or separate title eng
-- rda
082 00 - DEWEY DECIMAL CLASSIFICATION NUMBER
Classification number 496.3925
Edition number VIT
100 1# - MAIN ENTRY--PERSONAL NAME
Personal name Vitale, Anthony J.
9 (RLIN) 14830
245 10 - TITLE STATEMENT
Title Swahili syntax /
Statement of responsibility, etc. Anthony J. Vitale.
260 ## - PUBLICATION, DISTRIBUTION, ETC.
Place of publication, distribution, etc. Dordrecht, Holland ;
-- Cinnaminson, N.J. :
Name of publisher, distributor, etc. Foris Publications,
Date of publication, distribution, etc. 1981.
300 ## - PHYSICAL DESCRIPTION
Extent 214 p. :
Other physical details ill. ;
Dimensions 24 cm.
500 ## - GENERAL NOTE
General note Includes index.
504 ## - BIBLIOGRAPHY, ETC. NOTE
Bibliography, etc. note Bibliography: p. [201]-205.
650 #0 - SUBJECT ADDED ENTRY--TOPICAL TERM
Topical term or geographic name entry element Swahili language
General subdivision Syntax.
9 (RLIN) 14831
650 #0 - SUBJECT ADDED ENTRY--TOPICAL TERM
Topical term or geographic name entry element Swahili language
General subdivision Grammar, Generative.
9 (RLIN) 14832
942 ## - ADDED ENTRY ELEMENTS (KOHA)
Source of classification or shelving scheme Dewey Decimal Classification
Koha item type Book

No items available.


Kabale University Library | Kabale University P.O Box 317, Kabale, Uganda
Tel : +256754017033, +256774661503 E-mail : library@kab.ac.ug